000 00680nam a2200253 i 4500
001 C2-0089603
003 PPAK
005 20180727091728.0
008 970507s1992 my a|||| ||||| | may d
020 _a9836200371
040 _aPPAK
_beng
_cPPAK
_erda
082 0 4 _a499.2311
_223
090 0 0 _a499.2311
_bOTH
_dK
100 0 _aOthman Ali,
_eauthor
245 1 0 _aSaya ada ABC
264 1 _aKuala Lumpur :
_bDewan Bahasa dan Pustaka ,
_c1992
300 _a57 pages :
_billustrations ;
_c18 cm
336 _2rdacontent
_atext
337 _2rdamedia
_aunmediated
338 _2rdacarrier
_avolume
500 _aBuku 1
650 1 0 _aBahasa Melayu - Alphabet
942 _ddc
_cB
999 _c18547
_d18547